Music, cognition, and computerized sound : an introduction to psychoacoustics

Αποθηκεύτηκε σε:
Λεπτομέρειες βιβλιογραφικής εγγραφής
Άλλοι συγγραφείς: Cook, Perry R. (Επιμελητής έκδοσης)
Μορφή: Βιβλίο
Γλώσσα:English
Δημοσίευση: Cambridge, Mass : MIT Press, c1999.
Θέματα:
Ετικέτες: Προσθήκη ετικέτας
Δεν υπάρχουν, Καταχωρήστε ετικέτα πρώτοι!

MARC

LEADER 00000cam a2200000 i 4500
001 1/12955
008 001102s1999 enk ||| | eng||
020 |a 0262032562 
035 |l 10064425 
040 |a GR-MyUA  |b gre  |e AACR2 
041 0 |a eng 
082 0 |a 781.11  
245 1 0 |a Music, cognition, and computerized sound :   |b an introduction to psychoacoustics /   |c edited by Perry R. Cook.  
260 |a Cambridge, Mass :   |b MIT Press,   |c c1999.  
300 |a xi, 372 σ. :   |b εικ. ;   |c 26 εκ. +   |e 1 computer optical disc (4 3/4 in.) 
500 |a System requirements for accompanying computer disc: Apple Macintosh, Windows 95/98 or NT, or Unix computer; CD-ROM drive 
504 |a Περιέχει βιβλιογραφικές αναφορές και ευρετήριο.  
650 0 0 |a Music  |x Acoustics and physics. 
650 0 0 |a Psychoacoustics. 
650 0 0 |a Music  |x Physiological aspects. 
700 1 |a Cook, Perry R.  |e edt 
852 |a INST  |b SAMOS  |e 20001102  |h 781.11 MUS  |p 005300018658  |q 005300018658  |t BK  |y 0 
901 |a BIBL3-2000-3 
909 |a Σ  |b 079838 
922 |a 3ΕΛΗ  |b 200002  |c ΤΠΕΣ/ΤΑΚΤ  |d ΠΑΠΑΣΩΤΗΡΙΟΥ 
970 |a ΜΑΛΑΓΑΡΗ  |b ΦΩΤΕΙΝΗ  |z 2000/11/1